000 00718nam a2200193 a 4500
008 100720s1999 ||||||||||||||||| || u
020 _a0860787613
050 _aTA 658 Str
100 _aAddis, William
245 1 0 _aStructural and civil engineering design
_cedited by William Addis
260 _aAldershot, Hampshire:
_bAshgate Publishing
_c1999
300 _axLiii, 365p.: ill.
350 _a0.00
650 _aENGINEERING DESIGN--HISTORY
650 _aSTRUCTURAL DESIGN
650 _aSTRUCTURAL DESIGN--HISTORY
650 _aENGINEERING
995 _D0.00
_FCBU-MAIN LIBRARY (Kitwe)
_H1
_I0.00
_M1
_UAVAILABLE
_WAug 24, 2010
_ZMain Library Open Access Collection
999 _c58660
_d58660